[Event "Titled Tue 24th Jun Late"]
[Site "chess.com INT"]
[Date "2025.06.24"]
[Round "9"]
[White "Bhatia, Kanishka"]
[Black "Cornelisse, Lorelei"]
[Result "0-1"]
[WhiteTitle "WCM"]
[BlackTitle "WFM"]
[WhiteElo "1965"]
[BlackElo "2138"]
[WhiteFideId "2410095"]
[BlackFideId "1087177"]
[EventDate "2025.06.24"]

1. e4 e5 2. Bc4 Nc6 3. Nc3 Nf6 4. d3 Na5 5. Bb3 Nxb3 6. axb3 Be7 7. f4 d6 8. Nf3
exf4 9. Bxf4 O-O 10. O-O d5 11. e5 Nh5 12. Qd2 Nxf4 13. Qxf4 f6 14. d4 c6 15.
Qe3 fxe5 16. Nxe5 Bf5 17. Rf2 Bg5 18. Qg3 Bh4 19. Qe3 Bxf2+ 20. Qxf2 Qg5 21. Nf3
Qh6 22. Re1 Bg4 23. Re7 Bxf3 24. gxf3 Qg5+ 0-1

[Event "Titled Tue 24th Jun Late"]
[Site "chess.com INT"]
[Date "2025.06.24"]
[Round "9"]
[White "Da Silva, Lucas Pereira Mendes"]
[Black "Tang, Dylan"]
[Result "1-0"]
[BlackTitle "FM"]
[WhiteElo "2122"]
[BlackElo "2236"]
[WhiteFideId "22718613"]
[BlackFideId "30972531"]
[EventDate "2025.06.24"]

1. e4 d6 2. d4 Nf6 3. Nc3 g6 4. f4 c6 5. a4 Bg7 6. Nf3 Nbd7 7. Bc4 O-O 8. O-O
Nxe4 9. Nxe4 d5 10. Bd3 dxe4 11. Bxe4 Nf6 12. Re1 Nxe4 13. Rxe4 Bf5 14. Re1 Bg4
15. c3 Qd7 16. h3 Bxf3 17. Qxf3 e6 18. Be3 Qd5 19. Qxd5 cxd5 20. a5 Rfc8 21. Ra4
Bf8 22. Bf2 Bd6 23. Bg3 Rc6 24. Kf2 Rac8 25. Kf3 b5 26. axb6 axb6 27. Ra7 b5 28.
Rb7 b4 29. cxb4 Rc4 30. Bf2 Bxb4 31. Ra1 Be7 32. Rxe7 1-0

[Event "Titled Tue 24th Jun Late"]
[Site "chess.com INT"]
[Date "2025.06.24"]
[Round "9"]
[White "Kobalia, Mikhail"]
[Black "Holinka, Henning"]
[Result "0-1"]
[WhiteTitle "GM"]
[BlackTitle "FM"]
[WhiteElo "2538"]
[BlackElo "2303"]
[WhiteFideId "4119150"]
[BlackFideId "12967084"]
[EventDate "2025.06.24"]

1. c4 Nf6 2. Nf3 e6 3. g3 d5 4. Bg2 Nc6 5. cxd5 exd5 6. d4 Bd6 7. Nc3 O-O 8. Nb5
Bb4+ 9. Bd2 Bf5 10. O-O Bxd2 11. Qxd2 a6 12. Nc3 Ne4 13. Qf4 Nxc3 14. bxc3 Be4
15. Rac1 Qe7 16. Rfe1 Na5 17. Bh3 Nc4 18. Nd2 g5 19. Qg4 Nxd2 0-1

[Event "Titled Tue 24th Jun Late"]
[Site "chess.com INT"]
[Date "2025.06.24"]
[Round "9"]
[White "Alvarado, Carlos"]
[Black "Ferraz, Michel Liah"]
[Result "0-1"]
[WhiteTitle "CM"]
[WhiteElo "2032"]
[BlackElo "2007"]
[WhiteFideId "3800555"]
[BlackFideId "22743219"]
[EventDate "2025.06.24"]

1. Nf3 d5 2. b3 c5 3. Bb2 Nc6 4. e3 a6 5. Be2 Nf6 6. O-O Bf5 7. Bxf6 gxf6 8. d3
e5 9. Nfd2 Rg8 10. Kh1 Bd6 11. Nc3 Be6 12. Bf3 d4 13. Bxc6+ bxc6 14. Nce4 f5 15.
Nxd6+ Qxd6 16. Qh5 O-O-O 17. Nc4 Qc7 18. a4 Rg7 19. a5 Rdg8 20. Rg1 Rg5 21. Qe2
Bd5 22. Nb6+ Kb7 23. e4 Be6 24. Rab1 f4 25. f3 Rh5 26. b4 Qe7 27. Qf2 Rg3 28. h3
Bxh3 29. gxh3 Rhxh3+ 30. Qh2 Rxh2+ 31. Kxh2 Qh4# 0-1

[Event "Titled Tue 24th Jun Late"]
[Site "chess.com INT"]
[Date "2025.06.24"]
[Round "9"]
[White "Shapiro, Daniel"]
[Black "Da Silva Borges, Rodrigo"]
[Result "0-1"]
[WhiteTitle "FM"]
[WhiteElo "2284"]
[BlackElo "2169"]
[WhiteFideId "2001780"]
[BlackFideId "2115778"]
[EventDate "2025.06.24"]

1. d4 Nf6 2. c4 c5 3. d5 b5 4. cxb5 a6 5. e3 axb5 6. Bxb5 Qa5+ 7. Nc3 Bb7 8. Ne2
Nxd5 9. O-O e6 10. a4 Be7 11. e4 Nxc3 12. Nxc3 Nc6 13. Be3 O-O 14. Qxd7 Ra7 15.
Bxc6 Ba8 16. Qd3 Bxc6 17. Qc2 Rb7 18. Rfc1 Rfb8 19. Nd1 Qe1# 0-1

[Event "Titled Tue 24th Jun Late"]
[Site "chess.com INT"]
[Date "2025.06.24"]
[Round "9"]
[White "Pavlidou, Ekaterini"]
[Black "Karas, Marek"]
[Result "1-0"]
[WhiteTitle "WIM"]
[BlackTitle "FM"]
[WhiteElo "2198"]
[BlackElo "2215"]
[WhiteFideId "4213262"]
[BlackFideId "14928558"]
[EventDate "2025.06.24"]

1. d4 Nf6 2. c4 c5 3. d5 e6 4. Nc3 exd5 5. cxd5 Bd6 6. Nf3 O-O 7. h3 Bc7 8. d6
Ba5 9. Bg5 h6 10. Bh4 Nc6 11. e3 Qb6 12. Bxf6 Qxb2 13. Bd3 gxf6 14. O-O Qxc3 15.
Rc1 Qb4 16. Rc4 Qb2 17. Nh4 Ne5 18. Nf5 Qd2 19. Qh5 Qxd3 20. Rg4+ Ng6 21. Rxg6+ 1-0

[Event "Titled Tue 24th Jun Late"]
[Site "chess.com INT"]
[Date "2025.06.24"]
[Round "9"]
[White "Kawka, Milena"]
[Black "Unver, Cumayi"]
[Result "0-1"]
[WhiteTitle "WCM"]
[WhiteElo "2003"]
[BlackElo "2012"]
[WhiteFideId "21095167"]
[BlackFideId "6304940"]
[EventDate "2025.06.24"]

1. e4 c6 2. d4 d6 3. Nf3 Nf6 4. Bd3 Nbd7 5. O-O e5 6. c3 Be7 7. a4 a5 8. Nbd2
O-O 9. Re1 h6 10. Nc4 Qc7 11. Qb3 Re8 12. Ne3 Bf8 13. Nf5 Nb6 14. Bd2 Bxf5 15.
exf5 e4 16. Be2 exf3 17. Bxf3 d5 18. g3 Bd6 19. Qc2 Nc4 20. b3 Nxd2 21. Qxd2 Qd7
22. g4 Rxe1+ 23. Rxe1 Re8 24. Rf1 Ne4 25. Qd3 Bc7 26. Kg2 Qd6 27. Rh1 Qf4 28. h3
Nxf2 0-1

[Event "Titled Tue 24th Jun Late"]
[Site "chess.com INT"]
[Date "2025.06.24"]
[Round "9"]
[White "Hariharan, Shambavi"]
[Black "Weisz, Bryan"]
[Result "1-0"]
[WhiteTitle "WCM"]
[WhiteElo "1936"]
[BlackElo "2059"]
[WhiteFideId "488160"]
[BlackFideId "30934133"]
[EventDate "2025.06.24"]

1. d4 c5 2. d5 e5 3. c4 d6 4. Nc3 f5 5. e4 g6 6. h4 h6 7. Bd3 f4 8. Bd2 Bg7 9.
g3 fxg3 10. fxg3 Ne7 11. Qe2 O-O 12. O-O-O a6 13. Nh3 b5 14. Rdf1 Nd7 15. Rxf8+
Nxf8 16. Nf2 b4 17. Ncd1 a5 18. Ng4 Kh7 19. Rf1 Qe8 20. Nf6+ Bxf6 21. Rxf6 a4
22. Qf2 Kg7 23. Rxf8 Qxf8 24. Bxh6+ Kxh6 25. Qxf8+ Kh5 26. Qxe7 Kg4 27. Qg5+ Kf3
28. Qe3+ Kg2 29. Qf2+ Kh1 30. Bf1 Bh3 31. Bxh3 1-0

[Event "Titled Tue 24th Jun Late"]
[Site "chess.com INT"]
[Date "2025.06.24"]
[Round "9"]
[White "Gerbelli Neto, Eduardo"]
[Black "Harriott, Tyrell"]
[Result "0-1"]
[WhiteElo "2114"]
[BlackElo "1924"]
[WhiteFideId "2103281"]
[BlackFideId "2086484"]
[EventDate "2025.06.24"]

1. e4 d6 2. Nc3 Nf6 3. f4 e5 4. Nf3 Nbd7 5. d4 exd4 6. Nxd4 Be7 7. Nf5 O-O 8.
Nxe7+ Qxe7 9. Bd3 Nc5 10. O-O Ncxe4 11. Re1 Bf5 12. Qf3 Rfe8 13. h3 h5 14. Nxe4
Nxe4 15. Qxh5 Qf6 16. g4 Ng3 17. Rxe8+ Rxe8 18. Qg5 Qd4+ 19. Kg2 Bxd3 20. cxd3
Re2+ 0-1

[Event "Titled Tue 24th Jun Late"]
[Site "chess.com INT"]
[Date "2025.06.24"]
[Round "9"]
[White "Christiansen, Johan-Sebastian"]
[Black "Niemann, Hans Moke"]
[Result "0-1"]
[WhiteTitle "GM"]
[BlackTitle "GM"]
[WhiteElo "2642"]
[BlackElo "2736"]
[WhiteFideId "1512668"]
[BlackFideId "2093596"]
[EventDate "2025.06.24"]

1. e4 e5 2. Nf3 Nc6 3. Nc3 Nf6 4. a3 g6 5. Bc4 Bg7 6. d3 O-O 7. Bg5 h6 8. Bh4 d6
9. Nd5 g5 10. Bg3 Nxd5 11. Bxd5 Ne7 12. Bb3 Kh8 13. h3 f5 14. Nxg5 Qe8 15. Nf3
Qh5 16. Qe2 a5 17. O-O-O Bd7 18. Kb1 Rae8 19. Rde1 b5 20. exf5 Qxf5 21. Nh4 Qg5
22. Qe3 Bc6 23. Rhg1 b4 24. axb4 axb4 25. Ref1 Qf6 26. Qc1 e4 27. dxe4 Bxe4 28.
Re1 d5 29. f3 Ra8 30. fxe4 Qa6 31. c3 bxc3 32. bxc3 Rfb8 33. Kc2 Rxb3 34. Kxb3
Qa4+ 35. Kb2 Qa2# 0-1

[Event "Titled Tue 24th Jun Late"]
[Site "chess.com INT"]
[Date "2025.06.24"]
[Round "9"]
[White "Al-Tarboush, Ward"]
[Black "Amburgy, Ryan"]
[Result "0-1"]
[WhiteTitle "FM"]
[BlackTitle "FM"]
[WhiteElo "2223"]
[BlackElo "2332"]
[WhiteFideId "7601450"]
[BlackFideId "30924820"]
[EventDate "2025.06.24"]

1. e4 e5 2. Nf3 Nc6 3. Bb5 a6 4. Ba4 Nf6 5. O-O b5 6. Bb3 Bb7 7. Re1 Bc5 8. c3
d6 9. d4 Bb6 10. a4 O-O 11. axb5 axb5 12. Rxa8 Bxa8 13. d5 Ne7 14. Na3 c6 15.
Bg5 Ng6 16. dxc6 Bxc6 17. Bd5 Bd7 18. Bb3 h6 19. Be3 Bxe3 20. Rxe3 Qc7 21. h3
Rb8 22. Nc2 Bc6 23. Nd2 Qb7 24. Nb4 Nf4 25. Nxc6 Qxc6 26. Qe1 Ra8 27. Nf1 g6 28.
Ng3 Kg7 29. Qd1 Qc5 30. Ne2 b4 31. Nxf4 exf4 32. Rf3 g5 33. cxb4 Qxb4 34. Bd5
Nxd5 35. exd5 Qxb2 36. g3 Ra1 0-1

[Event "Titled Tue 24th Jun Late"]
[Site "chess.com INT"]
[Date "2025.06.24"]
[Round "9"]
[White "Brady, Tyson"]
[Black "Klepek, Witold"]
[Result "0-1"]
[WhiteTitle "CM"]
[BlackTitle "CM"]
[WhiteElo "2170"]
[BlackElo "2253"]
[WhiteFideId "30970369"]
[BlackFideId "1175068"]
[EventDate "2025.06.24"]

1. Nf3 Nf6 2. g3 d5 3. Bg2 g6 4. O-O Bg7 5. d3 O-O 6. Nc3 Bg4 7. h3 Bxf3 8. Bxf3
e5 9. e4 d4 10. Ne2 Ne8 11. Bg2 Nd6 12. a4 c5 13. b3 Nc6 14. Bd2 a6 15. a5 b5
16. axb6 Qxb6 17. f4 a5 18. f5 Rfb8 19. f6 Bf8 20. Ra4 Qd8 21. g4 Nc8 22. Qc1
Nb6 23. Ra1 a4 24. bxa4 c4 25. a5 Nd7 26. a6 c3 27. Bh6 Nc5 28. Ng3 Rb2 29. Rf2
Nb4 30. Bxf8 Qxf8 31. Qg5 Nxc2 32. Rxc2 Rxc2 33. Qxe5 Nxd3 34. Qxd4 Qc5 35. Qxc5
Nxc5 36. e5 Rxa6 0-1

[Event "Titled Tue 24th Jun Late"]
[Site "chess.com INT"]
[Date "2025.06.24"]
[Round "9"]
[White "Donoso Aguirre, Maximiliano"]
[Black "Nersisyan, Garnik"]
[Result "1-0"]
[WhiteTitle "CM"]
[BlackTitle "CM"]
[WhiteElo "2050"]
[BlackElo "2035"]
[WhiteFideId "3458920"]
[BlackFideId "13300741"]
[EventDate "2025.06.24"]

1. e4 e5 2. Nf3 d6 3. d4 Nc6 4. dxe5 Nxe5 5. Nxe5 dxe5 6. Qxd8+ Kxd8 7. Nc3 c6
8. Bc4 Ke7 9. Be3 Be6 10. Bc5+ Kf6 11. Bxf8 Rxf8 12. Bxe6 Kxe6 13. O-O-O Nf6 14.
f3 Rd8 15. Na4 b6 16. b3 Ke7 17. Nb2 Rxd1+ 18. Rxd1 Rd8 19. Nd3 Nd7 20. c3 c5
21. Kc2 f6 22. b4 Rc8 23. Kb2 c4 24. Nf2 b5 25. Ng4 Nb6 26. Ne3 Rd8 27. Nf5+ Ke8
28. Nxg7+ Ke7 29. Nf5+ Ke8 30. Rxd8+ Kxd8 31. Nd6 a6 32. Nb7+ Kc7 33. Nc5 Kc6
34. Nxa6 Nc8 35. Nc5 Nd6 36. Kc2 h5 37. Kd2 h4 38. g3 hxg3 39. hxg3 f5 40. exf5
Nxf5 41. g4 Nh4 42. Ke3 Kd5 43. Nd7 Ng2+ 44. Kf2 Nf4 45. Nf6+ Ke6 46. Ne4 Nd3+
47. Ke3 Nc1 48. a3 Nd3 49. Nc5+ Nxc5 50. bxc5 Kd5 51. g5 Kxc5 52. g6 b4 53.
axb4+ Kd6 54. g7 1-0

[Event "Titled Tue 24th Jun Late"]
[Site "chess.com INT"]
[Date "2025.06.24"]
[Round "9"]
[White "Borisek, Jure"]
[Black "Jasinski, Alexander"]
[Result "1-0"]
[WhiteTitle "GM"]
[WhiteElo "2558"]
[BlackElo "1989"]
[WhiteFideId "14603152"]
[BlackFideId "55627994"]
[EventDate "2025.06.24"]

1. d4 Nf6 2. Nf3 g6 3. Bf4 Bg7 4. e3 O-O 5. h3 d6 6. Bh2 b6 7. a4 a5 8. Be2 Bb7
9. O-O c5 10. Na3 Nbd7 11. Nb5 Rc8 12. c3 Nd5 13. Re1 Nc7 14. Na3 Re8 15. Bf1 e5
16. Nc4 Bxf3 17. Qxf3 Re6 18. d5 Rf6 19. Qd1 Qe7 20. e4 g5 21. Be2 h6 22. Bg4
Rb8 23. Ra3 Na8 24. Rb3 Nf8 25. Nxa5 Rd8 26. Nc6 Qe8 27. Nxd8 Qxd8 28. a5 bxa5
29. Rb7 Nb6 30. Qb3 Nbd7 31. Qb5 1-0

[Event "Titled Tue 24th Jun Late"]
[Site "chess.com INT"]
[Date "2025.06.24"]
[Round "9"]
[White "Sanal, Vahap"]
[Black "Dubnevych, Maksym"]
[Result "1-0"]
[WhiteTitle "GM"]
[BlackTitle "FM"]
[WhiteElo "2564"]
[BlackElo "2296"]
[WhiteFideId "6300545"]
[BlackFideId "14184001"]
[EventDate "2025.06.24"]

1. e4 e5 2. Nf3 Nc6 3. Bc4 Nf6 4. d4 exd4 5. e5 d5 6. Bb5 Nd7 7. O-O Be7 8. Bxc6
bxc6 9. Nxd4 Nb8 10. Qf3 O-O 11. Qg3 Re8 12. Nc3 c5 13. Nf3 Bb7 14. Bh6 Bf8 15.
Rad1 d4 16. b4 Nd7 17. Bg5 Qc8 18. Na4 Bxf3 19. Qxf3 Nxe5 20. Qg3 cxb4 21. Rxd4
Qa6 22. Qb3 Qg6 23. Bf4 Bd6 24. h3 h6 25. Rfd1 a5 26. Nb2 a4 27. Nxa4 Rxa4 28.
Qxa4 Nf3+ 29. Kh1 Re2 30. Qa8+ Kh7 31. Qxf3 1-0

[Event "Titled Tue 24th Jun Late"]
[Site "chess.com INT"]
[Date "2025.06.24"]
[Round "9"]
[White "Ladan, Nicholas"]
[Black "Watanabe, Akira"]
[Result "1-0"]
[BlackTitle "FM"]
[WhiteElo "2218"]
[BlackElo "2284"]
[WhiteFideId "30918855"]
[BlackFideId "7000227"]
[EventDate "2025.06.24"]

1. d4 Nf6 2. Nc3 d5 3. Bf4 c6 4. e3 Bf5 5. Bd3 Bxd3 6. cxd3 e6 7. Nf3 Bd6 8. Bg3
O-O 9. O-O Bxg3 10. hxg3 Nbd7 11. e4 Qb6 12. e5 Ne8 13. Qd2 h6 14. Rfc1 Nc7 15.
Na4 Qa6 16. Nc5 Nxc5 17. dxc5 Rfc8 18. b4 Qa3 19. Rab1 Nb5 20. Qb2 Qxb2 21. Rxb2
a5 22. a4 Nc7 23. b5 Rcb8 24. Nd4 cxb5 25. axb5 a4 26. Ra1 Ra5 27. b6 Na6 28. c6
Kf8 29. c7 Rc8 30. Rb5 Rxb5 31. Nxb5 1-0

[Event "Titled Tue 24th Jun Late"]
[Site "chess.com INT"]
[Date "2025.06.24"]
[Round "9"]
[White "Gelman, Alexander"]
[Black "Deichmann, Esteban Horacio"]
[Result "1-0"]
[WhiteTitle "IM"]
[WhiteElo "2403"]
[BlackElo "2103"]
[WhiteFideId "4118316"]
[BlackFideId "167410"]
[EventDate "2025.06.24"]

1. d4 c5 2. d5 g6 3. e4 d6 4. f4 Bg7 5. Nf3 Nh6 6. Nc3 a6 7. a4 f5 8. e5 e6 9.
Bc4 exd5 10. Nxd5 Nc6 11. O-O dxe5 12. fxe5 Be6 13. Bg5 Bxd5 14. Bxd8 Bxc4 15.
Bf6 Bxf6 16. exf6 Bxf1 17. Qd5 Rd8 18. Qe6+ Kf8 19. Rxf1 Nf7 20. Re1 h6 21. h4
g5 22. Qxf5 Rg8 23. Qxc5+ Nd6 24. Re6 b6 25. Qxc6 1-0

[Event "Titled Tue 24th Jun Late"]
[Site "chess.com INT"]
[Date "2025.06.24"]
[Round "9"]
[White "Pereyra, Horacio"]
[Black "Zilberstein, Dmitry"]
[Result "0-1"]
[BlackTitle "IM"]
[WhiteElo "2133"]
[BlackElo "2358"]
[WhiteFideId "113700"]
[BlackFideId "2010739"]
[EventDate "2025.06.24"]

1. d4 Nf6 2. Nc3 d5 3. Bg5 e6 4. e4 Bb4 5. e5 h6 6. Be3 Ne4 7. Qg4 Bxc3+ 8. bxc3
g6 9. Bd3 h5 10. Qf3 Nxc3 11. h4 c5 12. dxc5 Nc6 13. Qg3 Qa5 14. Bd2 Qxc5 15.
Nf3 Ne4 16. Qf4 Qxf2+ 17. Kd1 Nxd2 18. Qxd2 Qxd2+ 19. Kxd2 Bd7 20. Rhe1 Ke7 21.
Rab1 b6 22. Ng5 Nd4 23. c4 dxc4 24. Bxc4 Nf5 25. Bd3 Nxh4 26. Rf1 Nf5 27. Bxf5
gxf5 28. Rf2 Bc6 29. Rc1 Rac8 30. Ke3 Bd5 31. Rd1 Rc3+ 32. Kd4 Rhc8 0-1

[Event "Titled Tue 24th Jun Late"]
[Site "chess.com INT"]
[Date "2025.06.24"]
[Round "9"]
[White "Fadi, Marko"]
[Black "Jammalamadaka, Vihaan"]
[Result "0-1"]
[WhiteTitle "FM"]
[BlackTitle "CM"]
[WhiteElo "2298"]
[BlackElo "2018"]
[WhiteFideId "10605371"]
[BlackFideId "30977134"]
[EventDate "2025.06.24"]

1. c4 c5 2. Nc3 Nc6 3. g3 g6 4. Bg2 Bg7 5. Nf3 Nf6 6. O-O O-O 7. d3 d6 8. Rb1
Rb8 9. a3 a6 10. b4 cxb4 11. axb4 Bg4 12. b5 axb5 13. Rxb5 Bxf3 14. exf3 Nd7 15.
f4 Nc5 16. Ne2 Nd4 17. Nxd4 Bxd4 18. Be3 Ne6 19. Bxb7 Bxe3 20. fxe3 Nc5 21. Bg2
Rxb5 22. cxb5 Qb6 23. d4 Nd7 24. Qb3 Rb8 25. Rb1 Nf6 26. h3 e5 27. fxe5 dxe5 28.
dxe5 Nh5 29. Kh2 Qc5 30. Bd5 Kg7 31. b6 Rd8 32. b7 Rxd5 33. b8=Q Rd2+ 34. Kg1
Qc6 35. Q8b7 Rg2+ 36. Kf1 Nxg3+ 37. Ke1 Re2+ 38. Kd1 Qe8 39. e6 Rf2 40. Qd7 Qa8
41. Qbd3 Qh1+ 42. Qf1 Qxf1# 0-1

[Event "Titled Tue 24th Jun Late"]
[Site "chess.com INT"]
[Date "2025.06.24"]
[Round "9"]
[White "Jing, Andrew"]
[Black "Shafer, Logan C"]
[Result "1-0"]
[WhiteTitle "FM"]
[BlackTitle "CM"]
[WhiteElo "2292"]
[BlackElo "2217"]
[WhiteFideId "30984076"]
[BlackFideId "30993342"]
[EventDate "2025.06.24"]

1. e4 c6 2. d4 d5 3. Nc3 dxe4 4. Nxe4 Nf6 5. Nxf6+ exf6 6. Nf3 Bd6 7. Bd3 O-O 8.
O-O Re8 9. c3 Nd7 10. Qc2 Nf8 11. Bd2 Ng6 12. Rae1 Bg4 13. Be4 Qd7 14. h3 Bxh3
15. gxh3 Qxh3 16. Re3 Nh4 17. Ne5 Qe6 18. Bxh7+ Kf8 19. Ng6+ fxg6 20. Rxe6 Rxe6
21. Bxg6 Re2 22. Bh5 g6 23. Bg4 Re7 24. Bh6+ Kg8 25. Be3 Rae8 26. Bd1 Nf5 27.
Re1 Rh7 28. Bf3 Rh2 29. Bd2 Rf8 30. Re4 Nh4 31. Rxh4 Rxh4 32. Qxg6+ Kh8 33. Kf1
Be7 34. Be3 Rg8 35. Qf7 Rh7 36. Qb3 Bd6 37. Ke2 f5 38. Qe6 Bf8 39. Qxf5 Bg7 40.
Be4 Rh2 41. Qf4 Rh5 42. Qg4 Rh2 43. Bf4 Be5 44. Bxe5+ 1-0

[Event "Titled Tue 24th Jun Late"]
[Site "chess.com INT"]
[Date "2025.06.24"]
[Round "9"]
[White "Lugo, Blas"]
[Black "Fomevor, Cephas Clinton"]
[Result "1-0"]
[WhiteTitle "IM"]
[BlackTitle "CM"]
[WhiteElo "2399"]
[BlackElo "1883"]
[WhiteFideId "2011263"]
[BlackFideId "12601330"]
[EventDate "2025.06.24"]

1. e4 c5 2. Nf3 Nc6 3. Bb5 g6 4. Bxc6 dxc6 5. d3 Bg7 6. Nc3 Qc7 7. Be3 b6 8. Qd2
e5 9. h3 Ne7 10. Bh6 O-O 11. O-O f5 12. Bxg7 Kxg7 13. exf5 Nxf5 14. Rae1 Nd4 15.
Nxe5 Bxh3 16. gxh3 Qxe5 17. Rxe5 Nf3+ 18. Kg2 Nxd2 19. Rd1 Nf3 20. Re7+ Kh6 21.
Ne4 Nh4+ 22. Kg1 a5 23. Re6 Nf3+ 24. Kg2 Nd4 25. Rd6 Rad8 26. Rxd8 Rxd8 27. c3
Ne2 28. Kf3 c4 29. Kxe2 cxd3+ 30. Rxd3 Re8 31. f3 Re5 32. Rd6 Rh5 33. Rxc6 Rxh3
34. Rxb6 Rh2+ 35. Ke3 a4 36. c4 Rh1 37. c5 Ra1 1-0

[Event "Titled Tue 24th Jun Late"]
[Site "chess.com INT"]
[Date "2025.06.24"]
[Round "9"]
[White "Myagmarsuren, Evsuld"]
[Black "Raptis, Nick"]
[Result "0-1"]
[WhiteTitle "FM"]
[BlackTitle "FM"]
[WhiteElo "2292"]
[BlackElo "2220"]
[WhiteFideId "1551639"]
[BlackFideId "2016850"]
[EventDate "2025.06.24"]

1. e4 e6 2. d4 d5 3. e5 c5 4. c3 Nc6 5. Nf3 Nh6 6. Bd3 f6 7. O-O Nf7 8. exf6
Qxf6 9. Re1 cxd4 10. cxd4 Bd6 11. Nc3 O-O 12. h4 Bd7 13. a3 Rae8 14. b4 Bb8 15.
Ra2 Bf4 16. Bxf4 Qxf4 17. Ne2 Qg4 18. Ng3 e5 19. dxe5 Nfxe5 20. Be2 Nxf3+ 21.
Bxf3 Rxe1+ 22. Qxe1 Qc4 23. Rd2 Nd4 24. Qe7 Qc1+ 25. Nf1 Nxf3+ 26. gxf3 Bc6 27.
Qg5 h6 28. Qe3 Bb5 0-1

[Event "Titled Tue 24th Jun Late"]
[Site "chess.com INT"]
[Date "2025.06.24"]
[Round "9"]
[White "Xiong, Jeffery"]
[Black "Naroditsky, Daniel"]
[Result "0-1"]
[WhiteTitle "GM"]
[BlackTitle "GM"]
[WhiteElo "2639"]
[BlackElo "2619"]
[WhiteFideId "2047640"]
[BlackFideId "2026961"]
[EventDate "2025.06.24"]

1. e4 c5 2. Nf3 g6 3. c4 Bg7 4. d4 cxd4 5. Nxd4 Nc6 6. Be3 Qb6 7. Nb3 Qd8 8. Qd2
Nf6 9. Nc3 Ng4 10. Bf4 d6 11. Be2 O-O 12. Bxg4 Bxg4 13. Bh6 Bxh6 14. Qxh6 Be6
15. Nd2 Ne5 16. b3 f5 17. exf5 Rxf5 18. O-O Rh5 19. Qe3 Qb6 20. Qxb6 axb6 21.
Rfe1 Bf7 22. Re3 Kf8 23. Rae1 Nc6 24. f4 g5 25. fxg5 Rxg5 26. Nf3 Rf5 27. g4 Rf4
28. h3 Ra5 29. Kg2 h5 30. Kg3 e5 31. Ng5 Nd4 32. Ne2 h4+ 33. Kxh4 Nf5# 0-1

[Event "Titled Tue 24th Jun Late"]
[Site "chess.com INT"]
[Date "2025.06.24"]
[Round "9"]
[White "Wagner, Dennis"]
[Black "Jagirapu, Harshin Reddy"]
[Result "1-0"]
[WhiteTitle "GM"]
[WhiteElo "2619"]
[BlackElo "2042"]
[WhiteFideId "24650684"]
[BlackFideId "39910679"]
[EventDate "2025.06.24"]

1. e4 e5 2. Nf3 Nc6 3. Bb5 a6 4. Ba4 Nf6 5. d3 b5 6. Bb3 Be7 7. O-O d6 8. a3 O-O
9. Nc3 Rb8 10. h3 h6 11. Re1 Na5 12. Ba2 c5 13. b4 Nc6 14. Nd5 Be6 15. c3 a5 16.
Nxf6+ Bxf6 17. Bxe6 fxe6 18. bxc5 dxc5 19. Qb3 Qd7 20. Be3 Be7 21. Red1 a4 22.
Qa2 Qc7 23. Qxe6+ Kh8 24. Rab1 Rf6 25. Qg4 b4 26. axb4 cxb4 27. cxb4 Nxb4 28. d4
a3 29. Nxe5 a2 30. Ra1 Ra8 31. Rdc1 Nc2 32. Ng6+ Rxg6 33. Qxg6 Qc3 34. Bxh6 Qxd4
35. Bxg7+ 1-0

[Event "Titled Tue 24th Jun Late"]
[Site "chess.com INT"]
[Date "2025.06.24"]
[Round "9"]
[White "Haug, Havard"]
[Black "Jacobsen, Mikkel Manosri"]
[Result "1-0"]
[WhiteTitle "FM"]
[BlackTitle "FM"]
[WhiteElo "2354"]
[BlackElo "2223"]
[WhiteFideId "1547887"]
[BlackFideId "1444514"]
[EventDate "2025.06.24"]

1. e4 c5 2. c3 e6 3. d4 d5 4. exd5 exd5 5. Nf3 Nc6 6. Bb5 Nf6 7. O-O Bd6 8. Ne5
O-O 9. Bxc6 bxc6 10. Bf4 Qc7 11. Re1 Ng4 12. Bg3 Nxe5 13. dxe5 Be7 14. e6 Qb6
15. exf7+ Rxf7 16. Nd2 Qxb2 17. Nf1 Qxc3 18. Qa4 Bd7 19. Qa6 Bf8 20. Qb7 Rc8 21.
Qxa7 c4 22. a4 Bf5 23. Qb6 Qb4 24. a5 Qxb6 25. axb6 Rb7 26. Bc7 Bc5 27. Ra6 Bd3
28. Nd2 Kf7 29. Nf3 Be4 30. Ng5+ Kg6 31. Nxe4 dxe4 32. g3 e3 33. fxe3 c3 34. Kf2
Kf5 35. Rc1 Bb4 36. Kf3 c5 37. e4+ Ke6 38. Ra7 Rcxc7 39. bxc7 Rxa7 40. c8=Q+ 1-0

[Event "Titled Tue 24th Jun Late"]
[Site "chess.com INT"]
[Date "2025.06.24"]
[Round "9"]
[White "Miljkovic, Miroslav D"]
[Black "Swara Lakshmi S Nair"]
[Result "1-0"]
[WhiteTitle "GM"]
[BlackTitle "WCM"]
[WhiteElo "2420"]
[BlackElo "2187"]
[WhiteFideId "922722"]
[BlackFideId "25629239"]
[EventDate "2025.06.24"]

1. d4 Nf6 2. c4 g6 3. Nc3 d5 4. cxd5 Nxd5 5. e4 Nxc3 6. bxc3 Bg7 7. Nf3 O-O 8.
Be3 c5 9. Rc1 Qa5 10. Qd2 cxd4 11. cxd4 Nc6 12. d5 Qxd2+ 13. Kxd2 Ne5 14. Nxe5
Bxe5 15. f4 Bd6 16. g3 e6 17. Bc5 Bxc5 18. Rxc5 exd5 19. exd5 Rd8 20. Bg2 b6 21.
Rc3 Bb7 22. Rd3 Rac8 23. Rc1 Rxc1 24. Kxc1 Kf8 25. Kd2 Rd6 26. Ke3 Ke7 27. Kd4
Kd7 28. Rc3 f6 29. Bh3+ f5 30. Bg2 Kd8 31. Ke5 Rd7 32. Bf3 Rc7 33. Rxc7 Kxc7 34.
d6+ Kc8 35. Bxb7+ Kxb7 36. Ke6 Kc8 37. Ke7 1-0